Fr. Conceicao Rodrigues College of Engineering

Semiconductor devices:Physics and technology (Record no. 35638)

MARC details
000 -LEADER
fixed length control field 00371nam a2200169Ia 4500
082 ## - DEWEY DECIMAL CLASSIFICATION NUMBER
Classification number 621.3815
Item number SZE
100 ## - MAIN ENTRY--PERSONAL NAME
Personal name SZE/S.M
250 ## - EDITION STATEMENT
Edition statement 2
245 ## - TITLE STATEMENT
Title Semiconductor devices:Physics and technology
260 ## - PUBLICATION, DISTRIBUTION, ETC.
Name of publisher, distributor, etc. Wiley
Date of publication, distribution, etc. 2002
366 ## - TRADE AVAILABILITY INFORMATION
Publishers's discount category 25
300 ## - PHYSICAL DESCRIPTION
Extent 564
546 ## - LANGUAGE NOTE
Language note ENGLISH
-- PAMPHALETS
650 ## - SUBJECT ADDED ENTRY--TOPICAL TERM
Topical term or geographic name entry element Semiconductor
654 ## - SUBJECT ADDED ENTRY--FACETED TOPICAL TERMS
Focus term semiconductor
942 ## - ADDED ENTRY ELEMENTS (KOHA)
Koha item type BOOK
Holdings
Withdrawn status Lost status Damaged status Not for loan Collection Home library Current library Date acquired Source of acquisition Cost, normal purchase price Inventory number Total Checkouts Full call number Barcode Date last seen Cost, replacement price Price effective from Koha item type
        CRC Fr. Agnel's C.Rodrigues College of Engineering Fr. Agnel's C.Rodrigues College of Engineering 17/03/2023 Allied Publishers 404.25 821 dt 19/07/2013   621.3815 SZE 22911 17/03/2023 539.00   BOOK
        CRC Fr. Agnel's C.Rodrigues College of Engineering Fr. Agnel's C.Rodrigues College of Engineering 17/03/2023 Allied Publishers 404.25 821 dt 19/07/2013   621.3815 SZE 22912 17/03/2023 539.00   BOOK
        CRC Fr. Agnel's C.Rodrigues College of Engineering Fr. Agnel's C.Rodrigues College of Engineering 17/03/2023 Allied Publishers 404.25 821 dt 19/07/2013   621.3815 SZE 22913 17/03/2023 539.00   BOOK
        CRC Fr. Agnel's C.Rodrigues College of Engineering Fr. Agnel's C.Rodrigues College of Engineering 17/03/2023 Allied Publishers 404.25 821 dt 19/07/2013   621.3815 SZE 22914 17/03/2023 539.00   BOOK
        CRC Fr. Agnel's C.Rodrigues College of Engineering Fr. Agnel's C.Rodrigues College of Engineering 17/03/2023 Allied Publishers 404.25 821 dt 19/07/2013   621.3815 SZE 22915 17/03/2023 539.00   BOOK